1370 1093 1160 1845 1913 1793 1391 1702 1356 1642 1977 1668 1952 1599 1975 1142 1061 1112 1011 1428 1325 1751 1639 1646 1771 1309 1141 1976 1401 1699 1046 1722 1077 1328 1792 1013 1977 1834 1217 1610 1767 1735 1897 1000 1285 1674 1540 1439 1230 1708 1524 1138 1486 1116 1451 1691 1646 1125 1136 1842 1826 1754 1912 1985 1961 1163 1413 1986 1274 1602 1829 1944 1720 1017 1195 1278 1374 1387 1224 1427 1063 1669 1892 1376 1756 1891 1271 1058 1903 1847 1936 1119 1156 1596 1878 1565 1613 1417 1888 BCNSPRNW ULIB Ver.6.0+V

เปลี่ยนเป็นภาษาไทย

Change to English
 แสดงรายละเอียดบรรณานุกรม
  กลับหน้าหลัก

Brief Record : Get Marc (ISO 2709) : E-mail record : QR code < ปิดหน้าต่าง
LEADER : 00000nam 2200000uu 4500
001    13399108687
003     ULIB
008    110311s2553||||th 000 0 tha d
020    9786165091213
060  4 QZ266^bธ674ก 2553
100 0  ธีระวุฒิ ปัญญา
245 00 กองทัพผลไม้"ปราบมะเร็ง"/^cธีระวุฒิ ปัญญา
260    กรุงเทพฯ:^bกู๊ดลัค,^c2553
300    173 หน้า
650  7 การรักษาด้วยธรรมชาติ
650  7 ผลไม้ต้องกันโรคมะเร็ง
650  7 เนื้องอก
945    ^p140^l0^i028325
945    ^p140^l0^i028324
995    ทศพร
999 ^a ใช้งานได้ทุกระบบ
รายการนี้ยังไม่มีแท็ก
คุณยังไม่ได้ล็อกอิน คุณสามารถมีกิจกรรมร่วมกับเว็บไซต์ได้ แต่ต้องล็อกอินก่อน ::
  ล็อกอิน

รายการสื่อสารสนเทศ

ลำดับที่ ประเภท เลขเรียก/บาร์โค้ด สถานที่ สถานะ
1. วิทยาศาสตร์การแพทย์ และสุขภาพ
หนังสือสำรอง
สถานะ=หนังสือสำรอง
QZ266 ธ674ก 2553 ฉ.1 
  Barcode: 028324
ห้องสมุดวิทยาเขตสวรรค์ประชารักษ์
►ส่วนจัดเก็บหนังสือเก่า สปร
บนชั้น
  ขอยืม
2. วิทยาศาสตร์การแพทย์ และสุขภาพ
วิทยาศาสตร์การแพทย์ และสุขภาพ
QZ266 ธ674ก 2553 ฉ.2 
  Barcode: 028325
ห้องสมุดวิทยาเขตสวรรค์ประชารักษ์
►ส่วนจัดเก็บหนังสือเก่า สปร
บนชั้น
  ขอยืม

รายการใกล้เคียง
    ผู้แต่ง [ธีระวุฒิ ปัญญา]

    หัวเรื่อง [การรักษาด้วยธรรมชาติ]
    หัวเรื่อง [ผลไม้ต้องกันโรคมะเร็ง]
    หัวเรื่อง [เนื้องอก]

BibComment


ยังไม่เคยถูกคอมเมนท์

คอมเมนท์ทรัพยากรรายการนี้
  คอมเมนท์: กองทัพผลไม้ปราบมะ..


 Copyright 2026. Bcnsprnw @Library